Sports Quiz

Random Sports Quiz

Cubs Opening Day Line-ups 1980-1989 Quiz Stats

 Plays Quiz not verified by Sporcle

Also try: 10 to 1: Hockey
Challenge
Share
Tweet
Embed
Score 0/90 Timer 12:00
0 Plays Today
Year Player % Correct
1982Ryne Sandberg
99.5%
1983Ryne Sandberg
99.5%
1984Ryne Sandberg
99.5%
1985Ryne Sandberg
99.5%
1986Ryne Sandberg
99.5%
1987Ryne Sandberg
99.5%
1988Ryne Sandberg
99.5%
1989Ryne Sandberg
99.5%
1987Andre Dawson
90.8%
1988Andre Dawson
90.8%
1989Andre Dawson
90.8%
1985Rick Sutcliffe
86.2%
1986Rick Sutcliffe
86.2%
1987Rick Sutcliffe
86.2%
1988Rick Sutcliffe
86.2%
1989Rick Sutcliffe
86.2%
1983Jody Davis
85.8%
1984Jody Davis
85.8%
1985Jody Davis
85.8%
1986Jody Davis
85.8%
1987Jody Davis
85.8%
1988Jody Davis
85.8%
1989Mark Grace
85.8%
1981Leon Durham
83.9%
1982Leon Durham
83.9%
1983Leon Durham
83.9%
1984Leon Durham
83.9%
1985Leon Durham
83.9%
1985Shawon Dunston
83.9%
1986Leon Durham
83.9%
Year Player % Correct
1986Shawon Dunston
83.9%
1987Leon Durham
83.9%
1987Shawon Dunston
83.9%
1988Leon Durham
83.9%
1988Shawon Dunston
83.9%
1989Shawon Dunston
83.9%
1983Ron Cey
83%
1984Ron Cey
83%
1985Ron Cey
83%
1982Larry Bowa
75.7%
1983Larry Bowa
75.7%
1984Larry Bowa
75.7%
1982Keith Moreland
74.8%
1983Keith Moreland
74.8%
1984Keith Moreland
74.8%
1985Keith Moreland
74.8%
1986Keith Moreland
74.8%
1987Keith Moreland
74.8%
1989Jerome Walton
73.4%
1984Bob Dernier
72.9%
1985Bob Dernier
72.9%
1986Bob Dernier
72.9%
1987Bob Dernier
72.9%
1984Gary Matthews
68.8%
1985Gary Matthews
68.8%
1980Bill Buckner
67.9%
1981Bill Buckner
67.9%
1982Bill Buckner
67.9%
1983Bill Buckner
67.9%
1980Dave Kingman
66.5%
Year Player % Correct
1980Ivan DeJesus
61.9%
1981Ivan DeJesus
61.9%
1980Rick Reuschel
58.3%
1981Rick Reuschel
58.3%
1983Fergie Jenkins
52.8%
1986Manny Trillo
51.8%
1988Rafael Palmeiro
45.9%
1988Vance Law
44.5%
1989Vance Law
44.5%
1989Joe Girardi
44.5%
1981Ken Reitz
36.2%
1988Dave Martinez
36.2%
1984Dick Ruthven
33.5%
1980Ken Henderson
33%
1981Steve Henderson
33%
1982Steve Henderson
33%
1980Steve Ontiveros
31.2%
1983Mel Hall
30.3%
1980Tim Blackwell
29.4%
1981Tim Blackwell
29.4%
1982Bump Wills
28.4%
1986Brian Dayett
26.1%
1987Brian Dayett
26.1%
1989Mitch Webster
22.5%
1981Scot Thompson
21.1%
1980Lenny Randle
20.6%
1982Doug Bird
18.3%
1981Joe Strain
17.4%
1980Carlos Lezcano
12.4%
1982Ty Waller
11.5%

You're not logged in!

Compare scores with friends on all Sporcle quizzes.
Join for Free
OR
Log In

You Might Also Like...

Show Comments

Extras

Created Aug 13, 2010ReportNominate

Top Quizzes Today


Score Distribution

Your Account Isn't Verified!

In order to create a playlist on Sporcle, you need to verify the email address you used during registration. Go to your Sporcle Settings to finish the process.

Report this User

Report this user for behavior that violates our Community Guidelines.

Details: